000
003110000a22001330004500
003
MACL
040
_a
MACL
090
_c
34718
_d
34716
100
_a
Leech, Geoffrey
245
_a
A Communicative Grammar of English
260
_b
English Language Book Society
_c
1975
650
_a
Grammer
942
_c
BOOK
_k
425/LEE
999
_c
34353
_d
34353